Tooth or Fiction? Quiz Stats

 Plays Quiz Updated Aug 10, 2013

Support Sporcle.
Go Orange.
Score 0/20 Timer 05:00
0 Plays Today
Statement Tooth (T) Or Fiction (F)? % Correct
Women brush their teeth more often than men???
81.3%
The first toothbrush bristles were made from pigs' neck hair???
75.8%
'Rotting Teeth' is the name of a Crayola crayon color???
74.2%
During a post-game interview, then Los Angeles Laker Metta World Peace thanked Jesus for still having his teeth???
73.5%
The enamel on the surface of your tooth is the hardest part of the body???
72%
Men smile 8 times a day on average, while children smile 400 times per day ???
68.2%
In Middle Age Germany, kissing a donkey was thought of as a way to cure toothaches???
67%
The Akron Toothbrushes are the name of a AA baseball team???
62.1%
September 20th is a national holiday in China celebrating teeth???
59.6%
Dental Floss is a town in Pennsylvania???
56.9%
Statement Tooth (T) Or Fiction (F)? % Correct
There is a French theme park called 'Tooth World', featuring the rides 'Tooth Trampoline,' & the 'Brush of Doom'???
54.6%
7% of dentist visits are because of floss stuck in between teeth???
51.8%
'Dirty Tooth' is a game available in the XBOX Live arcade, in which a tooth must avoid getting hit by toothbrushes & floss???
45.8%
Justin Bieber's baby teeth sold for $8,250 at an auction???
39.7%
Ke$ha has made a bra & earrings out of her fans' teeth???
39.2%
There were 46 cases in 2012 of people swallowing toothbrushes???
37.1%
The Hungarian word for 'tooth' is 'horn'???
34.1%
Welshman Arthur Thomas has made a fully-functioning piano out of teeth, strings, & glue???
31%
34 year-old Adrian, MO resident Lenny Bagwell's baby teeth have not fallen out yet???
28.1%
Koalas' teeth are yellow when clean???
22.9%

You're not logged in!

Compare scores with friends on all Sporcle quizzes.
OR
Log In

From the Vault

Click the Time Zone: Africa

by bandoneon1795

The Sahara Desert covers roughly 31 percent of the African continent. More than enough to earn its own time zone.
Remove Ads.
Support Sporcle.
Get the best of Sporcle when you Go Orange. This ad-free experience offers more features, more stats, and more fun while also helping to support Sporcle. Thank you for becoming a member.

Show Comments

Extras

Top Quizzes Today


Score Distribution

Your Account Isn't Verified!

In order to create a playlist on Sporcle, you need to verify the email address you used during registration. Go to your Sporcle Settings to finish the process.

Report this User

Report this user for behavior that violates our Community Guidelines.

Details: